00583 2200217 4500001002100000005001500021035002000036007000300056008004100059020001600100082000800116084001400124100002300138245007000161250001000231260004700241300003000288650002500318990001100343990001100354INLIS00000000000182220180328090224 a0010-0318000165ta180328 g 0 ind  a54-10-090-3 a658 a658 LAW m0 aLAWRENCE, R. jauch1 aManajemen Strategis dan Kebijakan Perusahaan /cLawrence R. jauch acet.4 aJakarta :bPT Gelora Aksara Pratama,c2012 a453 hlm ;c15,5 x 23,5 cm aMANAJEMEN PERUSAHAAN a62 577 a62577a